000 00641nam a22002057a 4500
999 _c15861
_d15861
003 AR-CdUCM
008 190430b ||||| |||| 00| 0 spa d
040 _aMUNICIPALIDAD PROVINCIAL DEL CUSCO
_cBIBLIOTECA MUNICIPAL DEL CUSCO
082 _a869.56 /
_bH96
100 _aHurtado de Mendoza, William
_918029
245 _aEcos de mi pueblo /
260 _aCuzco :
_bH. G. Rozas,
_c1967.
300 _a39 páginas ;
_c24 cm.
505 _aContenido: Poesía peruana.
650 _aPoesía peruana
_9806
650 _aPoemas cusqueños
_917957
650 _aPoesía de los pueblos
_935064
942 _2ddc
_cLIBROS
945 _adavv
_d30/04/2019